000 01573cam a2200385 a 4500
001 12934510
005 20170105102841.0
008 020918s2003 enk 000 0 eng
010 _a 2002035845
020 _a0415283418
020 _a0415283426 (pbk.: alk. paper)
040 _aDLC
_cDLC
_dDLC
043 _an-us---
050 0 0 _aE902
_b.C76 2003
082 0 0 _a327.73
_221
100 1 _aCrockatt, Richard.
245 1 0 _aAmerica embattled :
_bSeptember 11, anti-Americanism, and the global order /
_cRichard Crockatt.
260 _aLondon :
_aNew York :
_bRoutledge,
_c2003.
300 _axvi, 205 p. ;
_c23 cm.
504 _aIncludes bibliographical references (p. [186]-194) and index.
650 0 _aNational characteristics, American.
650 0 _aAnti-Americanism.
650 0 _aSeptember 11 Terrorist Attacks, 2001.
650 0 _aWar on Terrorism, 2001-2009.
650 0 _aIslamic fundamentalism
_xPolitical aspects.
650 0 _aGlobalization
_xPolitical aspects.
651 0 _aUnited States
_xForeign relations
_y2001-
651 0 _aUnited States
_xForeign relations
_y1989-
651 0 _aUnited States
_xForeign public opinion.
856 4 1 _3Table of contents only
_uhttp://www.loc.gov/catdir/toc/fy0604/2002035845.html
856 4 2 _3Publisher description
_uhttp://www.loc.gov/catdir/enhancements/fy0650/2002035845-d.html
906 _a7
_bcbc
_corignew
_d1
_eocip
_f20
_gy-gencatlg
942 _2ddc
_cBK
999 _c13866
_d13866